000 00449ntaaa2200181 4500
003 01
005 20251027202711.0
008 0714s1973 ag 01
040 _aAR-BaBN
_bspa
_cAR-BaBN
_eaacr
_dRIC
082 _a511.0000 L55
100 _aLepori, Edelmira
_926724
245 _aEjercicios y problemas de aritmética
250 _a1 ed.
260 _as.l. :
_bF. Crespillo,
_cn.f.
300 _a107 p
650 _aaritmética
_925964
942 _cBK
999 _c22193
_d22193